Normal view
MARC view
- Coleman G,Thomas
Entry Personal Name
001 - CONTROL NUMBER
- control field: 100652
003 - CONTROL NUMBER IDENTIFIER
- control field: NUST
005 - DATE AND TIME OF LATEST TRANSACTION
- control field: 20221018145826.0
008 - FIXED-LENGTH DATA ELEMENTS
- fixed length control field: 221018|| aca||aabn | a|a d
040 ## - CATALOGING SOURCE
- Original cataloging agency: NUST
- Transcribing agency: NUST
100 ## - HEADING--PERSONAL NAME
- Personal name: Coleman G,Thomas
670 ## - SOURCE DATA FOUND
- Source citation: Work cat.: (NUST)183132: Coleman G,Thomas, Blood pressure control, c1980.
